| 000 | 00632nam a2200169 4500 | ||
|---|---|---|---|
| 082 | 0 | 0 |
_a491.4395 _bHAI _cL-29,P-53 |
| 100 | 1 |
_aHaidari, Mohamed Akbar Khan. _938869 |
|
| 245 | 1 | 4 |
_aThe munshi; _ba standard Hindustani grammar (with exercises and full vocabulary) officially recommended for examinations in Urdu. |
| 250 | _a18th ed., rewritten and enl. | ||
| 260 |
_aDelhi, _bHaidari's Oriental Book Depot, _c1961. |
||
| 300 |
_axix, 240 p. _c23 cm. |
||
| 526 |
_a0 _b0 _c0 _d491_439500000000000_HAI |
||
| 526 |
_a0 _b0 _c0 _d491_439500000000000_HAI |
||
| 650 | 0 |
_aMCE _9379 |
|
| 650 | 0 |
_aUrdu language _xGrammar. _939146 |
|
| 942 |
_2ddc _cBK |
||
| 999 |
_c543683 _d543683 |
||